000
00269nam a2200097Ia 4500
005
20250424112901.0
008
250424s9999 xx 000 0 und d
300
_a
vi, 56 p. :ill. ; 29 cm.
650
_a
Biochemistry--Periodicals. Biotechnology--Periodicals.
942
_c
SR
999
_c
37688
_d
37688